[Event "Olimpiade 2024 - Donne"]
[Site "Budapest"]
[Date "21.09.2024"]
[Round "10.59"]
[Board "2"]
[White "Mefteh, Meyssem"]
[Black "Jacobs, Annelaine"]
[Result "1-0"]
[WhiteTitle "WCM"]
[BlackTitle "WCM"]
[WhiteElo "1834"]
[BlackElo "1763"]
[WhiteTeam "Tunisia"]
[BlackTeam "Aruba"]
[WhiteFideId "5517737"]
[BlackFideId "15900177"]
[EventDate "2024.09.11"]

1. d4 Nf6 2. c4 g6 3. Nc3 Bg7 4. Nf3 O-O 5. Bg5 h6 6. Bh4 d6 7. e3 Nbd7 8. Be2
c6 9. O-O Qc7 10. Rc1 e5 11. h3 Nh7 12. b4 Re8 13. b5 f5 14. dxe5 dxe5 15. bxc6
bxc6 16. Bg3 Nc5 17. Bh2 Qe7 18. Qc2 Ba6 19. Rfd1 Rad8 20. Na4 Kh8 21. Nxc5 Qxc5
22. Qa4 Rxd1+ 23. Rxd1 Bc8 24. Rd5 cxd5 25. Qxe8+ Qf8 26. Qxf8+ Nxf8 27. cxd5
Nd7 28. Bb5 e4 29. Nd2 Kg8 30. Nc4 Nc5 31. Be5 a6 32. Bc6 Bb7 33. Kf1 Bxe5 34.
Nxe5 g5 35. Ke2 Bxc6 36. dxc6 Ne6 37. Kd2 Kf8 38. Kc3 Ke7 39. Kc4 h5 40. Kd5
Nc7+ 41. Kc5 Ke6 42. Nc4 Nd5 43. Nd2 Ke5 44. Nc4+ Ke6 45. Nb6 Nc7 46. Nd7 f4 47.
Kd4 fxe3 48. Kxe3 Kd6 49. Kxe4 Kxc6 50. Nf6 Nb5 51. Kd3 h4 52. Ne4 Kd5 1-0

[Event "Olimpiade 2024 - Donne"]
[Site "Budapest"]
[Date "21.09.2024"]
[Round "10.59"]
[Board "3"]
[White "Moreno Mora, Milaydes Lourdes"]
[Black "Ben Amor, Meriem"]
[Result "0-1"]
[WhiteElo "1694"]
[BlackElo "1733"]
[WhiteTeam "Aruba"]
[BlackTeam "Tunisia"]
[WhiteFideId "3910512"]
[BlackFideId "5508509"]
[EventDate "2024.09.11"]

1. e4 e5 2. Nf3 Nc6 3. Bb5 a6 4. Ba4 Nf6 5. O-O Nxe4 6. Re1 Nc5 7. Bxc6 dxc6 8.
Nxe5 Be7 9. d4 Ne6 10. Be3 O-O 11. Nc3 f6 12. Nf3 Re8 13. a3 Bd6 14. Qd2 b6 15.
d5 cxd5 16. Qxd5 Rb8 17. Qb3 Kh8 18. Rad1 Bb7 19. Nd5 Ba8 20. c4 Nc5 21. Qc2 Nd7
22. Rd4 Nf8 23. Red1 Bc5 24. R4d3 Bxe3 25. Rxe3 Rxe3 26. Nxe3 Qe8 27. Nh4 Be4
28. Qc3 Qh5 29. g3 Re8 30. Nhg2 Qf3 31. h4 Ng6 32. Rd4 Ne5 33. Qd2 h6 34. Kf1
Ng4 35. Nxg4 Qxg2+ 36. Ke2 Qf3+ 37. Kf1 Qg2+ 38. Ke2 Qf3+ 39. Kf1 Qxg4 40. Rd8
Rxd8 41. Qxd8+ Kh7 42. Qxc7 Qd1# 0-1

[Event "Olimpiade 2024 - Donne"]
[Site "Budapest"]
[Date "21.09.2024"]
[Round "10.59"]
[Board "4"]
[White "Gamha, Yasmine"]
[Black "Cabral, Sylvi"]
[Result "1-0"]
[WhiteElo "1679"]
[BlackElo "1471"]
[WhiteTeam "Tunisia"]
[BlackTeam "Aruba"]
[WhiteFideId "5505038"]
[BlackFideId "15900924"]
[EventDate "2024.09.11"]

1. e4 c5 2. Nf3 g6 3. d4 cxd4 4. Nxd4 Nf6 5. Nc3 Bg7 6. Be3 Nc6 7. Bc4 O-O 8.
Bb3 d6 9. f3 Bd7 10. Qd2 Rc8 11. O-O-O a6 12. h4 h5 13. Kb1 Na5 14. Bg5 Nxb3 15.
Nxb3 Qc7 16. Bxf6 Bxf6 17. Nd5 Qc6 18. g4 hxg4 19. h5 g5 20. Nd4 Qc5 21. Nxf6+
exf6 22. fxg4 Bxg4 23. Rdg1 Be6 24. Qf2 Kg7 25. h6+ Kg6 26. h7 Rh8 27. Qh2 1-0

[Event "Olimpiade 2024 - Donne"]
[Site "Budapest"]
[Date "21.09.2024"]
[Round "10.60"]
[Board "1"]
[White "Nihaya, Ahmed"]
[Black "Viana, Valeria"]
[Result "0-1"]
[BlackTitle "WFM"]
[WhiteElo "1589"]
[BlackElo "1882"]
[WhiteTeam "Maldives"]
[BlackTeam "Honduras"]
[WhiteFideId "16700414"]
[BlackFideId "8407100"]
[EventDate "2024.09.11"]

1. e4 c6 2. d4 d5 3. exd5 cxd5 4. c4 Nf6 5. Nc3 Nc6 6. Nf3 Bg4 7. Qb3 Bxf3 8.
gxf3 Nxd4 9. Qa4+ Qd7 10. Qd1 dxc4 11. Bxc4 Nc6 12. Qb3 e6 13. Bb5 a6 14. Qa4
Rc8 15. Be2 Nd4 16. Qxd7+ Kxd7 17. Bd1 Bb4 18. O-O Bxc3 19. bxc3 Nb5 20. Ba4
Rxc3 21. Bb2 Rxf3 22. Rfd1+ Nd5 23. Rd2 Rc8 24. Rad1 Ke7 25. Kg2 Rf4 26. Bc2 h6
27. a4 Nbc3 28. Re1 Kf8 29. Ba3+ Kg8 30. Bd6 Rfc4 31. a5 R4c6 32. Ba3 Nb5 33.
Ba4 Nxa3 34. Bxc6 Rxc6 35. Ra1 Nc4 36. Rdd1 Rc5 37. Rac1 Kf8 38. Kh1 Ke7 39. Rd4
b5 40. axb6 Ndxb6 41. Rg4 g6 42. Kg2 Ne3+ 43. fxe3 Rxc1 44. Rb4 Rc6 45. Kf3 f5
46. Rb1 a5 47. Ra1 a4 48. Ra3 Rc4 49. Ke2 Kd6 50. Kd3 Kc5 51. Ra1 Nd5 52. Kd2 e5
53. Rg1 g5 54. Rf1 f4 55. exf4 exf4 0-1

[Event "Olimpiade 2024 - Donne"]
[Site "Budapest"]
[Date "21.09.2024"]
[Round "10.60"]
[Board "4"]
[White "Maradiaga, Cesia"]
[Black "Aini Munthazim"]
[Result "1-0"]
[WhiteElo "1675"]
[BlackElo "1536"]
[WhiteTeam "Honduras"]
[BlackTeam "Maldives"]
[WhiteFideId "8404291"]
[BlackFideId "16702565"]
[EventDate "2024.09.11"]

1. Nf3 d5 2. b3 c5 3. e3 a6 4. Bb2 Nc6 5. Be2 d4 6. O-O e5 7. exd4 exd4 8. Re1
Be7 9. d3 b5 10. Bf1 Nf6 11. Nbd2 O-O 12. Ne5 Bb7 13. Nxc6 Bxc6 14. Nf3 Re8 15.
a3 a5 16. b4 axb4 17. axb4 Bxf3 18. Qxf3 Rxa1 19. Rxa1 c4 20. c3 dxc3 21. Bxc3
Qc8 22. dxc4 bxc4 23. Ra5 Qc7 24. Bxf6 Bxf6 25. Rc5 Qb6 26. Rxc4 Be7 27. Qb3 Rb8
28. b5 Kh8 29. Qh3 g6 30. Qd7 Qe6 31. Rc7 Qxd7 32. Rxd7 Re8 33. b6 Bc5 34. b7 f5
35. Rc7 Bd6 36. Rc8 Rg8 37. Bc4 Rf8 38. Rxf8+ Bxf8 39. b8=Q 1-0

[Event "Olimpiade 2024 - Donne"]
[Site "Budapest"]
[Date "21.09.2024"]
[Round "10.61"]
[Board "2"]
[White "Ndirangu, Nyaruai, Joyce"]
[Black "Zenobia Wasif"]
[Result "1-0"]
[WhiteTitle "WCM"]
[BlackTitle "WCM"]
[WhiteElo "1782"]
[BlackElo "1743"]
[WhiteTeam "Kenya"]
[BlackTeam "Pakistan"]
[WhiteFideId "10802886"]
[BlackFideId "7800746"]
[EventDate "2024.09.11"]

1. d4 Nf6 2. c4 g6 3. Nc3 Bg7 4. e4 d6 5. Be3 Nc6 6. f3 e5 7. d5 Ne7 8. Qd2 Bd7
9. Be2 O-O 10. g4 Ne8 11. Bh6 Nf5 12. Bg5 f6 13. exf5 fxg5 14. fxg6 h6 15. Bd3
Qe7 16. O-O-O c6 17. Kb1 b5 18. dxc6 Bxc6 19. cxb5 Bb7 20. Be4 Bxe4+ 21. fxe4
Rc8 22. Nge2 Qe6 23. Qd5 Rf6 24. Ng3 Rxg6 25. Nf5 Kh7 26. h4 gxh4 27. Rxh4 Qf6
28. Rdh1 Qg5 29. Qf7 Qf6 30. Rxh6+ Rxh6 31. Rxh6+ Qxh6 32. Nxh6 Kxh6 33. Qh5# 1-0

[Event "Olimpiade 2024 - Donne"]
[Site "Budapest"]
[Date "21.09.2024"]
[Round "10.61"]
[Board "3"]
[White "Mehak Gul"]
[Black "Mutisya, Jully"]
[Result "0-1"]
[WhiteTitle "WCM"]
[WhiteElo "1709"]
[BlackElo "1750"]
[WhiteTeam "Pakistan"]
[BlackTeam "Kenya"]
[WhiteFideId "7800908"]
[BlackFideId "10814922"]
[EventDate "2024.09.11"]

1. d4 Nf6 2. Nf3 g6 3. g3 Bg7 4. Bg2 O-O 5. c4 d6 6. O-O Nc6 7. Nc3 a6 8. e4 e5
9. dxe5 dxe5 10. Bg5 h6 11. Qxd8 Rxd8 12. Bxf6 Bxf6 13. Nd5 Bg7 14. Nxc7 Rb8 15.
Rfd1 Bd7 16. Nd5 Bg4 17. Rd2 f5 18. h3 Bh5 19. Nh4 Nd4 20. exf5 gxf5 21. Nxf5
Nxf5 22. g4 Nd6 23. gxh5 Nxc4 24. Ne7+ Kf7 25. Rxd8 Rxd8 26. Nf5 Nxb2 27. Bxb7
a5 28. Nxg7 Kxg7 29. Kh2 Rd1 30. Rxd1 Nxd1 31. Kg3 Kf6 32. h4 Nc3 33. a3 Nb5 34.
a4 Nd4 35. Be4 Ne2+ 36. Kf3 Nf4 37. Kg4 Ne2 38. Bd3 Nc3 39. Bb5 Nxb5 40. axb5
Ke6 41. b6 Kd6 42. Kf5 a4 43. Kg6 a3 44. Kxh6 a2 45. Kg6 a1=Q 46. h6 e4 47. h7
Qh8 48. h5 Kc6 0-1

[Event "Olimpiade 2024 - Donne"]
[Site "Budapest"]
[Date "21.09.2024"]
[Round "10.61"]
[Board "4"]
[White "Karanja, Ether"]
[Black "Aayat Asmi"]
[Result "0-1"]
[WhiteElo "1637"]
[BlackElo "1421"]
[WhiteTeam "Kenya"]
[BlackTeam "Pakistan"]
[WhiteFideId "10819282"]
[BlackFideId "7810776"]
[EventDate "2024.09.11"]

1. d4 Nf6 2. Bf4 c5 3. e3 Nd5 4. Bg3 Qb6 5. b3 cxd4 6. Qxd4 Qxd4 7. exd4 g6 8.
c3 Bg7 9. Nf3 d6 10. Bc4 Nf6 11. Nbd2 Bf5 12. Nh4 Bd7 13. O-O O-O 14. Rfe1 Re8
15. d5 b5 16. Be2 Nxd5 17. Bf3 Bc6 18. Bxd5 Bxd5 19. Bxd6 Bxc3 20. Rad1 Be6 21.
Be5 Bxe5 22. Rxe5 a6 23. Ndf3 Nc6 24. Rc5 Rac8 25. Ng5 Nd8 26. Rxc8 Bxc8 27. Rc1
Ne6 28. Nxe6 Bxe6 29. Nf3 Rc8 30. Rxc8+ Bxc8 31. b4 Bg4 32. Ne5 Be6 33. a3 Bd5
34. Nd3 Bb7 35. Nc5 Bc8 36. f3 Kg7 37. Kf2 Kf6 38. Ke3 Ke5 39. g3 f5 40. f4+ Kd5
41. Kd3 e5 42. fxe5 Kxe5 43. Ke3 g5 44. h4 gxh4 45. gxh4 f4+ 46. Kf3 Kf5 47. Nd3
Bb7+ 48. Kf2 Kg4 49. Nc5 Bc8 50. Nd3 h5 51. Kg2 Bb7+ 52. Kf2 Kxh4 53. Nxf4 Kg4
54. Nd3 h4 55. Kg1 Kg3 56. Nc5 Bg2 57. a4 h3 58. Ne4+ Bxe4 0-1

[Event "Olimpiade 2024 - Donne"]
[Site "Budapest"]
[Date "21.09.2024"]
[Round "10.62"]
[Board "1"]
[White "Spinola, Divania"]
[Black "Ghitza, Elena"]
[Result "0-1"]
[WhiteElo "1583"]
[BlackElo "1817"]
[WhiteTeam "Cape Verde"]
[BlackTeam "Malta"]
[WhiteFideId "23600551"]
[BlackFideId "5603315"]
[EventDate "2024.09.11"]

1. d4 d5 2. Bf4 Nf6 3. e3 Bf5 4. c4 e6 5. Nf3 Bb4+ 6. Nbd2 O-O 7. Be2 Nbd7 8.
O-O c5 9. Qb3 Nb6 10. a3 Bxd2 11. Nxd2 cxd4 12. exd4 dxc4 13. Nxc4 Nfd5 14. Bd2
Qf6 15. Bc3 Nxc3 16. bxc3 Nxc4 17. Qxc4 Be4 18. f3 Rfc8 19. Qb3 Bd5 20. Qc2
Qxd4+ 21. cxd4 Rxc2 22. Bd3 Rd2 23. Rfd1 Rxd1+ 24. Rxd1 Rc8 25. Rb1 Rc3 26. Bf1
Rxa3 27. Rc1 g6 28. Rc8+ Kg7 29. Rc7 a6 30. Be2 Ra4 31. Kf2 Rxd4 32. Ke3 Ra4 33.
h3 b5 34. Bd1 Ra1 35. Be2 Ra2 36. Bf1 Bc4 37. Bxc4 bxc4 38. Rxc4 Rxg2 39. Kf4
g5+ 40. Ke3 Rh2 41. Ra4 Rxh3 42. Rxa6 g4 43. Kf2 Rxf3+ 44. Kg2 h5 45. Ra4 f5 46.
Ra7+ Kg6 47. Ra1 h4 48. Re1 Kf6 49. Rd1 h3+ 50. Kh2 f4 51. Rd8 Rf2+ 52. Kh1 Kg5
53. Rg8+ Kh4 54. Rh8+ Kg3 55. Rh6 Rf1# 0-1

[Event "Olimpiade 2024 - Donne"]
[Site "Budapest"]
[Date "21.09.2024"]
[Round "10.62"]
[Board "3"]
[White "Almeida, Jacira Laura"]
[Black "Farrugia, Jamie"]
[Result "1/2-1/2"]
[BlackTitle "WFM"]
[WhiteElo "1616"]
[BlackElo "1733"]
[WhiteTeam "Cape Verde"]
[BlackTeam "Malta"]
[WhiteFideId "23601450"]
[BlackFideId "5600898"]
[EventDate "2024.09.11"]

1. e4 e5 2. Nf3 Nc6 3. Bc4 Bc5 4. O-O Nf6 5. Nc3 d6 6. a3 a5 7. h3 Be6 8. Ba2
O-O 9. d3 h6 10. Be3 Nd4 11. Na4 Ba7 12. Nc3 Qd7 13. Nb1 Nc6 14. Nbd2 d5 15.
exd5 Nxd5 16. Bxa7 Rxa7 17. Nc4 f6 18. Re1 Kh8 19. Ne3 Nf4 20. Bxe6 Qxe6 21. Nh4
Raa8 22. Kh2 Ne7 23. g3 Qxh3+ 24. Kg1 Neg6 25. Nxg6+ Nxg6 26. Qf3 c6 27. Qf5
Qxf5 28. Nxf5 Rad8 29. Rad1 Rfe8 30. Kg2 Kg8 31. Kf3 Kf7 32. d4 Rd5 33. dxe5
Nxe5+ 34. Kg2 Red8 35. Rxd5 Rxd5 36. Re2 b5 37. b3 c5 38. f4 Nc6 39. c4 Rxf5 40.
cxb5 Nb8 41. Rd2 Ke7 42. b6 c4 43. bxc4 Rc5 44. Rd4 Rc6 45. Rd5 a4 46. c5 Na6
47. b7 Rc7 48. c6 Rxc6 49. Ra5 Nb8 50. Ra8 Rc2+ 51. Kh3 Nd7 1/2-1/2

[Event "Olimpiade 2024 - Donne"]
[Site "Budapest"]
[Date "21.09.2024"]
[Round "10.62"]
[Board "4"]
[White "Stagno, Milena"]
[Black "Moreno, Akiane"]
[Result "1-0"]
[WhiteElo "1664"]
[BlackElo "1547"]
[WhiteTeam "Malta"]
[BlackTeam "Cape Verde"]
[WhiteFideId "5602289"]
[BlackFideId "23601868"]
[EventDate "2024.09.11"]

1. e4 e5 2. Nf3 Nc6 3. d4 exd4 4. Nxd4 d6 5. Nxc6 bxc6 6. Bd3 Nf6 7. O-O Be7 8.
c4 O-O 9. h3 Be6 10. Qa4 Qd7 11. Rd1 c5 12. Qc2 Rfe8 13. e5 dxe5 14. Bxh7+ Nxh7
15. Rxd7 Bxd7 16. Nc3 Bd6 17. Be3 Re6 18. Ne4 Rg6 19. Kf1 Bf5 20. g4 Be6 21. Rd1
Rd8 22. Bxc5 Bc8 23. Nxd6 cxd6 24. Bxa7 1-0

[Event "Olimpiade 2024 - Donne"]
[Site "Budapest"]
[Date "21.09.2024"]
[Round "10.63"]
[Board "1"]
[White "Strade, Arita"]
[Black "Alazmi, Amani"]
[Result "1-0"]
[WhiteElo "1946"]
[BlackElo "1673"]
[WhiteTeam "Guernsey"]
[BlackTeam "Kuwait"]
[WhiteFideId "11603437"]
[BlackFideId "10303553"]
[EventDate "2024.09.11"]

1. e4 c5 2. Nf3 g6 3. c3 Bg7 4. d4 b6 5. dxc5 bxc5 6. Bc4 e6 7. e5 Bb7 8. Bf4
Bxf3 9. Qxf3 Nc6 10. Qe4 Qc7 11. Bb5 Nge7 12. Na3 O-O 13. Nc4 Rab8 14. Bxc6 Nxc6
15. O-O Qd8 16. Qe3 Rc8 17. Rad1 Rc7 18. Nd6 Qb8 19. b3 Qb6 20. Rfe1 Qa5 21. Re2
Ne7 22. c4 a6 23. Red2 Nc6 24. h4 Nd4 25. h5 Rc6 26. Bg5 f6 27. exf6 Bxf6 28.
Bxf6 Rxf6 29. Qe5 Rf8 30. h6 Rf7 31. Nxf7 Kxf7 32. Rxd4 1-0

[Event "Olimpiade 2024 - Donne"]
[Site "Budapest"]
[Date "21.09.2024"]
[Round "10.63"]
[Board "2"]
[White "Alazemi, Aisha"]
[Black "Nevska, Gerda"]
[Result "1-0"]
[WhiteElo "1539"]
[BlackElo "1892"]
[WhiteTeam "Kuwait"]
[BlackTeam "Guernsey"]
[WhiteFideId "10302875"]
[BlackFideId "10700366"]
[EventDate "2024.09.11"]

1. e4 Nc6 2. Nf3 d5 3. exd5 Qxd5 4. Nc3 Qd6 5. d4 Bg4 6. d5 Ne5 7. Bf4 Bxf3 8.
gxf3 a6 9. Ne4 Nd3+ 10. Qxd3 Qxf4 11. Qe3 Qh6 12. O-O-O O-O-O 13. Ng5 Qf6 14.
Qa7 Qxg5+ 15. Kb1 c5 16. Bxa6 bxa6 17. Qxc5+ Kd7 18. Qc6# 1-0

[Event "Olimpiade 2024 - Donne"]
[Site "Budapest"]
[Date "21.09.2024"]
[Round "10.63"]
[Board "3"]
[White "Denning, Julie L"]
[Black "Nema, Rabab"]
[Result "0-1"]
[WhiteElo "1741"]
[BlackElo "1601"]
[WhiteTeam "Guernsey"]
[BlackTeam "Kuwait"]
[WhiteFideId "10700129"]
[BlackFideId "10304070"]
[EventDate "2024.09.11"]

1. e4 e6 2. d4 d5 3. Bd3 Nf6 4. Qf3 dxe4 5. Bxe4 Nxe4 6. Qxe4 Qd5 7. f3 c5 8.
Be3 cxd4 9. Qxd4 Qxd4 10. Bxd4 Nc6 11. Bc3 Nb4 12. Bxb4 Bxb4+ 13. c3 Be7 14. Ne2
Bd7 15. Nd2 Rd8 16. O-O-O O-O 17. f4 Bc6 18. Nf3 Bc5 19. Rxd8 Rxd8 20. Rd1 Be3+
21. Nd2 Bxg2 22. Kc2 Rxd2+ 23. Rxd2 Bxd2 24. Kxd2 f6 25. b4 e5 26. fxe5 fxe5 27.
c4 Bf1 28. c5 Bxe2 29. Kxe2 Kf7 30. a4 Ke6 31. Kd3 Kd5 32. Kc3 g5 33. Kd3 h5 34.
a5 g4 35. b5 Kxc5 36. b6 axb6 37. axb6 Kd5 38. Ke3 e4 0-1

[Event "Olimpiade 2024 - Donne"]
[Site "Budapest"]
[Date "21.09.2024"]
[Round "10.64"]
[Board "2"]
[White "Besrat Mesgena Yoseph"]
[Black "Chemaou lilya"]
[Result "0-1"]
[WhiteElo "1557"]
[BlackElo "1565"]
[WhiteTeam "Eritrea"]
[BlackTeam "Morocco"]
[WhiteFideId "22301070"]
[BlackFideId "9015078"]
[EventDate "2024.09.11"]

1. e4 c5 2. Nc3 d6 3. Nf3 Nf6 4. Be2 g6 5. O-O Bg7 6. d4 cxd4 7. Nxd4 O-O 8. h3
Nc6 9. Be3 Bd7 10. a3 Rc8 11. Nd5 Nxd5 12. exd5 Nxd4 13. Bxd4 Bxd4 14. Qxd4 Rxc2
15. Bd1 Rc7 16. Qxa7 Rc5 17. Qxb7 Rb5 18. Qa7 Rxb2 19. Re1 e6 20. Rb1 Rxb1 21.
dxe6 Bxe6 22. Qe3 Qb6 23. Qg3 Bb3 24. Qd3 Rxd1 25. Rxd1 Bxd1 26. Qxd1 Rb8 27.
Qf3 Qb3 28. Qxb3 Rxb3 29. Kh2 Rxa3 30. f3 d5 31. Kg3 d4 32. Kf2 Re3 33. g4 Re8 0-1

[Event "Olimpiade 2024 - Donne"]
[Site "Budapest"]
[Date "21.09.2024"]
[Round "10.64"]
[Board "3"]
[White "El Harrak, Maryam"]
[Black "Elshalom Essayas Berhane"]
[Result "0-1"]
[WhiteElo "1639"]
[BlackElo "1659"]
[WhiteTeam "Morocco"]
[BlackTeam "Eritrea"]
[WhiteFideId "9016210"]
[BlackFideId "22300988"]
[EventDate "2024.09.11"]

1. d4 Nf6 2. c4 e6 3. g3 d5 4. Bg2 c5 5. cxd5 exd5 6. dxc5 Bxc5 7. Nf3 Nc6 8.
O-O O-O 9. Bg5 Be6 10. e3 h6 11. Bxf6 Qxf6 12. Nc3 Rad8 13. Rc1 Bb4 14. Qe2 Bxc3
15. Rxc3 Bg4 16. Rd1 Ne5 17. h3 Bxf3 18. Bxf3 Nxf3+ 19. Kg2 Ng5 20. Rcd3 Qe6 21.
g4 Rfe8 22. h4 Ne4 23. Kg1 Nf6 24. Rd4 Qb6 25. g5 hxg5 26. hxg5 Ne4 27. Rxd5
Rxd5 28. Rxd5 Qe6 29. Rd4 Nxg5 30. Rh4 Qf5 31. Kg2 Re6 32. Qd1 Qf6 33. Qc2 Rc6
34. Qd2 Nf3 35. Qd3 0-1

[Event "Olimpiade 2024 - Donne"]
[Site "Budapest"]
[Date "21.09.2024"]
[Round "10.65"]
[Board "2"]
[White "Wahid, Chelsea"]
[Black "Thomas, Nelissa"]
[Result "1-0"]
[BlackTitle "WCM"]
[WhiteElo "1482"]
[BlackElo "1631"]
[WhiteTeam "Saint Lucia"]
[BlackTeam "Bahamas"]
[WhiteFideId "23000627"]
[BlackFideId "10400494"]
[EventDate "2024.09.11"]

1. d4 d5 2. c4 e6 3. Nc3 f5 4. Nf3 Nf6 5. e3 c6 6. Bd3 Ne4 7. O-O Bd6 8. Ne5 O-O
9. f3 Nxc3 10. bxc3 Nd7 11. f4 Qe8 12. c5 Be7 13. c4 Rf6 14. Bd2 Rh6 15. Rb1
Nxe5 16. fxe5 Rg6 17. Be2 Rh6 18. Rf3 g5 19. Rg3 Qg6 20. Qf1 g4 21. e4 Bh4 22.
Bxh6 Bxg3 23. hxg3 Qxh6 24. exf5 exf5 25. Qf4 Qxf4 26. gxf4 Rb8 27. cxd5 cxd5
28. a4 Bd7 29. a5 Bc6 30. a6 b5 31. cxb6 Rxb6 32. Rxb6 axb6 33. a7 Kf7 34. Bb5
Bb7 35. Bd7 Ke7 36. Bxf5 h5 37. g3 b5 38. Bg6 b4 39. Bxh5 b3 40. Bxg4 b2 41. Bf5
Bc8 42. a8=Q 1-0

[Event "Olimpiade 2024 - Donne"]
[Site "Budapest"]
[Date "21.09.2024"]
[Round "10.66"]
[Board "1"]
[White "Shipindo, Rauha"]
[Black "Mahi R. Shah"]
[Result "1/2-1/2"]
[WhiteTitle "WFM"]
[WhiteElo "1677"]
[BlackElo "1602"]
[WhiteTeam "Namibia"]
[BlackTeam "Tanzania"]
[WhiteFideId "15200493"]
[BlackFideId "21601283"]
[EventDate "2024.09.11"]

1. e4 e6 2. d4 d5 3. exd5 exd5 4. Nf3 Nf6 5. Bd3 Bg4 6. h3 Bh5 7. g4 Bg6 8. Ne5
Bxd3 9. Qxd3 Nbd7 10. Bg5 Be7 11. Nc3 Nxe5 12. dxe5 Nd7 13. Bxe7 Qxe7 14. O-O-O
c6 15. f4 O-O-O 16. Qd4 Nb6 17. Na4 Nxa4 18. Qxa4 Qc5 19. Rd3 a6 20. Rc3 Qb5 21.
Qd4 Kb8 22. Rd1 Qa5 23. a3 Qc7 24. Qc5 Rhe8 25. Qf2 Re6 26. Kb1 f6 27. exf6 Rxf6
28. f5 Rfd6 29. Re1 d4 30. Rb3 d3 31. Rxd3 Rxd3 32. cxd3 Rxd3 33. Re8+ Rd8 34.
Qe3 Qd7 35. Rxd8+ Qxd8 36. Qe5+ Qc7 37. Qe3 Qd6 38. Kc2 Kc7 39. Qc3 Kb6 40. Qb4+
Kc7 41. Qc3 Qh6 42. Qg3+ Qd6 43. Qc3 Qh6 44. h4 g5 45. Qe5+ Kd7 46. hxg5 Qxg5
47. Qe6+ Kd8 48. f6 Qc5+ 49. Kb1 Qg1+ 50. Ka2 Qc5 51. Qg8+ Kd7 52. Qxh7+ Ke6 53.
Qxb7 Kxf6 54. Qxa6 Qd5+ 55. Ka1 Qd1+ 56. Ka2 Qd5+ 57. b3 Qd2+ 58. Kb1 Qd1+ 59.
Kb2 Qd2+ 1/2-1/2

[Event "Olimpiade 2024 - Donne"]
[Site "Budapest"]
[Date "21.09.2024"]
[Round "10.66"]
[Board "2"]
[White "Anahi Rishit Shah"]
[Black "Beukes Jamie-Nicole"]
[Result "0-1"]
[BlackTitle "WCM"]
[WhiteElo "1513"]
[BlackElo "1735"]
[WhiteTeam "Tanzania"]
[BlackTeam "Namibia"]
[WhiteFideId "21601682"]
[BlackFideId "15200906"]
[EventDate "2024.09.11"]

1. e4 c5 2. Nf3 e6 3. d4 cxd4 4. Nxd4 a6 5. Nf3 Nc6 6. Bc4 b5 7. Bb3 Bb7 8. O-O
Be7 9. Nc3 d6 10. a3 Nf6 11. Re1 O-O 12. Bg5 Rc8 13. e5 dxe5 14. Qxd8 Rfxd8 15.
Nxe5 Nd4 16. Ng4 Bd5 17. Rad1 Bxb3 18. cxb3 Nxb3 19. Nxf6+ Bxf6 20. Bxf6 gxf6
21. g3 Kg7 22. f4 f5 23. Kf2 Rd2+ 24. Rxd2 Nxd2 25. Re2 Nc4 26. Kf1 Rc5 27. Nb1
Nd6 28. b3 Ne4 29. Re3 Rc1+ 30. Re1 Rxb1 31. Rxb1 Nd2+ 32. Ke2 Nxb1 33. a4 bxa4
34. bxa4 Nc3+ 35. Kd3 Nxa4 36. Kc4 Nb6+ 37. Kb4 Nd5+ 38. Ka5 Ne3 39. Kxa6 Nf1
40. h3 Nxg3 41. Kb5 Ne2 42. Kc4 Nxf4 43. h4 Kf6 44. Kd4 Nd5 45. Kd3 e5 46. Ke2
e4 47. h5 f4 48. h6 f3+ 49. Kf2 Kg5 50. Kg3 f6 51. Kf2 Kg4 52. Kf1 e3 53. Kg1
Kg3 54. Kf1 f5 55. Kg1 e2 56. Kh1 e1=Q# 0-1

[Event "Olimpiade 2024 - Donne"]
[Site "Budapest"]
[Date "21.09.2024"]
[Round "10.66"]
[Board "3"]
[White "Nepando, Jolly"]
[Black "Bertha Samson Mkude"]
[Result "1-0"]
[WhiteTitle "WCM"]
[WhiteElo "1642"]
[BlackElo "1459"]
[WhiteTeam "Namibia"]
[BlackTeam "Tanzania"]
[WhiteFideId "15200485"]
[BlackFideId "21600686"]
[EventDate "2024.09.11"]

1. e4 e5 2. Nf3 d6 3. d4 Nc6 4. Bb5 Bd7 5. Nc3 Be7 6. O-O Nf6 7. Re1 h6 8. Bxc6
Bxc6 9. dxe5 dxe5 10. Qxd8+ Rxd8 11. Nxe5 O-O 12. Nxc6 bxc6 13. Bf4 Rc8 14. Rad1
Bb4 15. Rd3 Ba5 16. a3 Bb6 17. Na4 Rfe8 18. Nxb6 cxb6 19. f3 a6 20. Kf2 b5 21.
e5 Nd5 22. Bd2 Re6 23. b3 Nb6 24. f4 Kh7 25. Be3 Na8 26. Rd7 Kg8 27. Bc5 Nc7 28.
Red1 g5 29. g3 Kg7 30. Re1 Kg6 31. Kf3 a5 32. Bb6 Na6 33. Bxa5 Nc5 34. Rd8 Rxd8
35. Bxd8 Nb7 36. Bf6 c5 37. h4 gxh4 38. Bxh4 Kh5 39. Rh1 Kg6 40. g4 Kh7 41. Bf6
Ra6 42. g5 Rxa3 43. Rxh6+ Kg8 44. Rh8# 1-0

[Event "Olimpiade 2024 - Donne"]
[Site "Budapest"]
[Date "21.09.2024"]
[Round "10.67"]
[Board "1"]
[White "Ollet, Myra"]
[Black "Yavo Tchetche, Marie"]
[Result "1-0"]
[WhiteTitle "WCM"]
[BlackTitle "WCM"]
[WhiteElo "1658"]
[BlackElo "1686"]
[WhiteTeam "Guam"]
[BlackTeam "Cote dâ€™Ivoire"]
[WhiteFideId "31000517"]
[BlackFideId "20800266"]
[EventDate "2024.09.11"]

1. d4 Nf6 2. Bf4 g6 3. Nc3 Bg7 4. e4 d6 5. Qd2 c6 6. f3 b5 7. Bh6 O-O 8. Bxg7
Kxg7 9. h4 h6 10. Be2 a5 11. g4 Nh7 12. f4 b4 13. Na4 e6 14. Nf3 f5 15. gxf5
exf5 16. e5 dxe5 17. Nxe5 Ba6 18. O-O-O Qd5 19. b3 Qg2 20. Bxa6 Qxd2+ 21. Rxd2
Nxa6 22. Nxc6 Nc7 23. d5 Nf6 24. d6 Ne6 25. d7 Nd8 26. Ne5 Ne4 27. Rd5 Ra7 28.
Rg1 Rf6 29. Nc5 Nc3 30. Rd2 a4 31. bxa4 Nxa4 32. Nxa4 Rxa4 33. Kb2 Rfa6 34. Ra1
b3 35. cxb3 Rxf4 36. Rc1 Kf6 37. Rc8 Kxe5 38. Rxd8 Rxh4 39. Re8+ Re6 40. Rxe6+
Kxe6 41. d8=Q g5 42. Qd6+ 1-0